[Event "Petrov Memorial op"]
[Site "St Petersburg"]
[Date "1996.??.??"]
[Round "5"]
[White "Lukin, Andrei M"]
[Black "Novgorodskij, Vladimir"]
[Result "1/2-1/2"]
[WhiteElo "2455"]
[BlackElo "2325"]
[Annotator "Ribli,Z"]
[PlyCount "42"]
[EventDate "1996.02.??"]
[EventType "swiss"]
[EventRounds "9"]
[EventCountry "RUS"]
[SourceTitle "CBM 052"]
[Source "ChessBase"]
[SourceDate "1996.06.01"]
[SourceVersion "1"]
[SourceVersionDate "1996.06.01"]
[SourceQuality "1"]

1. e4 c5 2. Nf3 e6 3. d4 cxd4 4. Nxd4 Nc6 5. Nc3 Qc7 6. Be2 a6 7. f4 Nxd4 8.
Qxd4 b5 9. Be3 Bb7 10. Bf3 Rc8 11. a3 (11. O-O-O Nf6 12. Rd2 Be7 13. g4 Bc5 $1
$13 {Masserey,Y-Cramling,P/Horgen-B/1995/CBM50/}) (11. O-O h5 $5 12. Rad1 Nf6
13. h3 h4 14. Rf2 Bc5 15. Qxc5 Qxc5 16. Bxc5 Rxc5 17. Rd6 Ke7 18. Rb6 Bc6 19.
Rxa6 Nh5 $44 {Anka,E-Landa,K/Balatonbereny/1995/CBM50/}) 11... Be7 12. O-O-O
$146 {Der Anziehende mischt zwei Variante zusammen.} (12. O-O Nf6 13. Rad1 O-O
14. e5 Bxf3 15. gxf3 Nh5 16. Qxd7 Bc5 $132 {Ghizdau,D-Matera,S/USA/1976/INF21,
325/}) 12... Nf6 13. Rd2 {Weiss will den c2-Punkt decken, sonst kann er nicht
e4-e5 spielen.} (13. e5 $2 Bxf3 14. gxf3 Nd5 $17 {>< c2}) 13... O-O (13... Bxa3
14. e5 (14. Nxb5 axb5 15. bxa3 O-O $13) 14... Qxc3 15. Qxc3 (15. Bxb7 Bxb2+ 16.
Kb1 Rc7 17. exf6 Qxd4 18. Bxd4 Bxd4 19. Bxa6 Bxf6 20. Bxb5 Ke7 $17) 15... Rxc3
16. Bxb7 Rxe3 17. exf6 Bc5 18. Bxa6 (18. fxg7 Rg8 19. Bxa6 Ke7 20. Bxb5 d5 $14)
18... gxf6 19. Bxb5 $14) (13... d6 $5) 14. e5 Bxf3 15. gxf3 Ne8 16. Ne4 (16.
Qxd7 $5 Bxa3 17. Ne4 Be7 18. Rhd1 $13) 16... f5 $5 17. exf6 Nxf6 18. Rg1 (18.
Nxf6+ Bxf6 19. Qxd7 Bxb2+ $1 20. Kxb2 Qc3+ 21. Kb1 Qxe3 $15) 18... Rf7 19. Ng5
Rff8 20. Ne4 (20. Rdg2 $5 {>< g7}) 20... Rf7 21. Ng5 Rff8 1/2-1/2

[Event "Yongchuan zt 3.3"]
[Site "Yongchuan"]
[Date "2003.07.16"]
[Round "5"]
[White "Yu, Shaoteng"]
[Black "Wu, Wenjin"]
[Result "0-1"]
[WhiteElo "2508"]
[BlackElo "2531"]
[Annotator "Ribli,Z"]
[PlyCount "64"]
[EventDate "2003.07.11"]
[EventType "tourn"]
[EventRounds "11"]
[EventCountry "CHN"]
[EventCategory "12"]
[SourceTitle "CBM 097"]
[Source "ChessBase"]
[SourceDate "2003.11.11"]
[SourceVersion "1"]
[SourceVersionDate "2003.11.11"]
[SourceQuality "1"]

1. e4 {Atlas,V} c5 2. Nc3 a6 3. Nf3 e6 4. d4 cxd4 5. Nxd4 Nc6 6. Be2 Qc7 7. O-O
Nf6 8. Kh1 b5 9. Nxc6 dxc6 10. f4 Bb4 $5 $146 {Interessanterweise wurde dieser
Zug bisher noch nie gespielt. Die schwarze Strategie ist einfach - er
entwickelt den Läufer und droht durch Bxc3 den e4-Bauern anzugreifen.} (10...
b4 11. e5 bxc3 12. exf6 gxf6 13. bxc3 (13. Qe1 Qa5 14. bxc3 Rb8 15. Bd2 Rb2 16.
Bd3 Rxa2 17. Rb1 $1 $44 {1-0 Short,N-Ljubojevic,L/Linares 1995/CBM 46/[Ribli] 
(31)}) 13... f5 14. Qd4 Rg8 15. Rb1 c5 16. Qf2 Bb7 17. Bf3 Bxf3 18. Qxf3 Ra7
19. Be3 Be7 20. c4 {1-0 Nataf,I-Degerman,L/Stockholm 1999/CBM 68 ext (48)}) 11.
e5 {Dieser Zug scheint mir zu direkt. Ich glaube, es waere besser die Spannung
beizubehalten.} (11. Bd2 O-O (11... Bxc3 $2 12. Bxc3 Nxe4 13. Bxg7 Rg8 14. Be5)
12. Bd3 Bb7 $11 13. Nxb5 axb5 14. Bxb4 c5 15. e5 Nd5 16. Bd2 c4 $44) (11. Bd3
$5 O-O 12. e5 Bxc3 13. bxc3 Nd5 14. Qh5 $36) 11... Bxc3 12. bxc3 Nd5 (12... Nd7
13. a4 $36 {[%cal Gc1a3,Ga3f8]}) 13. Qe1 c5 {[%cal Gc5c4][%mdl 4] Schwarz
möchte 14...c4 spielen, wonach er eine "ewige" Springerstellung auf d5 erhält.}
14. c4 (14. Bd2 $6 c4 $15) 14... bxc4 15. Bxc4 Bb7 $11 {[%csl Gc1,Gc4,Gd5]
[%cal Gb7h1] Zwar hat Weiß das Läuferpaar, aber der d5N steht ausgezeichnet
und Schwarz hat starke Kontrolle über die Diagonale a8-h1.} 16. Rb1 (16. f5 $5
exf5 17. Rxf5 Qd7 (17... O-O 18. e6 $36) 18. Qf2 O-O $11) 16... Ne7 $1 {
[%csl Yf5][%cal Ge7f5][%mdl 32] Schwarz muss sich nicht mit der Rochade
beeilen, er verteidigt sich mit Ne7 gegen 17.f5 möchte im folgenden Nf5 ziehen.
Ein anderer Vorteil des Zuges ist, dass Schwarz die Diagonale des Bb7 öffnet.}
(16... O-O) 17. Be2 O-O 18. Be3 Be4 {[%csl Ge4][%cal Gc7c6,Gc6h1] Der Be4
steht ausgezeichnet: früher oder später muss Weiß den Läufer tauschen.} 19. Qf2
Nf5 (19... Bxc2 $2 20. Rbc1 $36) 20. Bf3 (20. Bxc5 Rfc8 21. Rbd1 Bd5 (21...
Qxc5 $4 22. Rd8+ $18) 22. c4 Qxc5 23. cxd5 (23. Qxc5 Rxc5 24. cxd5 Ne3 25. dxe6
Nxd1 26. exf7+ Kxf7 27. Rxd1 Ke7 $17) 23... Qxf2 24. Rxf2 Ne3 25. Rb1 Nxd5 $11)
20... Bxf3 21. Qxf3 Rab8 $5 {Schwarz tauscht nicht den Springer gegen den
Läufer.} (21... Nxe3 22. Qxe3 Rab8 $11) 22. Bf2 c4 $15 {Schwarz hat eine
starke Springerstellung auf f5 und er kann auch das Springermanöver Ne7-Nd5
ausführen, wogegen der Bf2 nichts ausrichten kann.} 23. Qe4 (23. g4 Ne7 $15 {
[%csl Yd5][%cal Ge7d5]}) 23... h5 $1 {[%csl Gf5]} 24. c3 Rfd8 25. Rxb8 $6 (25.
Kg1 $15) (25. Rb4 Rxb4 26. cxb4 Rd2 $15) 25... Rxb8 26. Rb1 Rxb1+ 27. Qxb1 Qd7
$17 {[%csl Rf2,Gf5][%cal Gd7d1] Atlas,V: 'Black has a durable plus in this
ending; yet he has to overcome many technical difficulties to convert his
advantage into a full point.' Schwarz kontrolliert die d-Linie und droht mit
28...Qd3 oder 28...Qd2. Atlas,V: 'In diesem Endspiel hat Schwarz anhaltenden
Vorteil, muss aber noch viele technische Schwierigkeiten überwinden, um sein
Plus in den vollen Punkt umzumünzen.'} 28. Qb8+ (28. Kg1 Qd2 $19) 28... Kh7 29.
Qa7 (29. Qb2 Qd1+ 30. Bg1 h4 $19 {Jetzt droht 31...Ng3+ 32.hxg3 hxg3 und 33...
Qh5+.}) 29... Qd2 $1 $19 {Das Eindringen der Dame entscheidet die Partie.} (
29... Qxa7 30. Bxa7 Ne7 $17) 30. Bg1 Qxf4 31. Qxa6 h4 32. Qc6 {'?' Atlas,V.} ({
A decisive mistake. Essential was Ein entscheidender Fehlgriff. Erforderlich
war} 32. Qb7 {Atlas,V}) 32... Ng3+ $3 {Atlas,V: 'A brilliant game conclusion!'
Atlas,V: 'Ein brillantes Partiefinale!'} (32... Ng3+ {Atlas,V: ', and White
resigned in view of inevitable mate:' Atlas,V: 'und Weiß gab auf, denn er wird
unweigerlich matt:'} 33. hxg3 hxg3 $19 34. Bh2 {Atlas,V} (34. Bd4 {Atlas,V}
Qh6+ 35. Kg1 Qc1# {Now it is clear why White had to play 32.Qb7 instead of the
32.Qc6. In this case 32...Ng3+? would fail to 33.hxg3 hxg3 34.Qb1+! g6 35,Bd4
winning. Nun ist klar, warum Weiß 32.Qb7 an Stelle von 32.Qc6 spielen musste.
In diesem Fall würde nämlich 32...Ng3+? scheitern, und zwar wegen 33.hxg3 hxg3
34.Qb1+! g6 35,Bd4 und gewinnt.}) (34. Bh2 Qc1+ 35. Bg1 Qh6+) 34... Qc1+ 35.
Bg1 Qh6+) 0-1

[Event "Leon"]
[Site "Leon"]
[Date "1996.??.??"]
[Round "4"]
[White "Leko, Peter"]
[Black "Illescas Cordoba, Miguel"]
[Result "1/2-1/2"]
[WhiteElo "2625"]
[BlackElo "2635"]
[Annotator "Ribli,Z"]
[PlyCount "88"]
[EventDate "1996.06.??"]
[EventType "tourn"]
[EventRounds "6"]
[EventCountry "ESP"]
[EventCategory "17"]
[SourceTitle "CBM 054"]
[Source "ChessBase"]
[SourceDate "1996.10.01"]
[SourceVersion "1"]
[SourceVersionDate "1996.10.01"]
[SourceQuality "1"]

1. e4 {Romero} c5 2. Nf3 Nc6 3. d4 cxd4 4. Nxd4 Qc7 5. Nc3 e6 6. g3 a6 7. Bg2
Nf6 8. O-O Bc5 {Das ist eine alte, später in Vergessenheit geratene, und
heutzutage oft vorkommende Fortsetzung. Der junge ungarische Grossmeister
spielt diese Variante gern mit Weiss.} 9. Nxc6 (9. Nb3 Ba7 10. Bg5 Ne5 11. Qe2
d6 12. Kh1 h6 $1 $13 {Leko - Topalov,Dortmund/1995/CBM48/INF64,187/}) 9... dxc6
(9... bxc6 10. Na4 Be7 11. e5 Nd5 12. c4 Nb6 13. Nxb6 Qxb6 14. Qg4 g6 15. Bg5
$1 $16 {Kuzmin}) 10. Na4 Ba7 (10... Be7 11. e5 Nd7 12. f4 $14) 11. c4 b5 (11...
Nd7 12. b4 a5 13. b5 e5 14. Rb1 Bd4 15. Bb2 c5 $13 {Spangenberg,H-Sadler,M/
Buenos Aires Najdorf/1995/CBM49/}) 12. e5 Nd7 13. cxb5 $1 (13. Nc3 $6 b4 14.
Ne4 Nxe5 15. Nd6+ Ke7 16. Ne4 Bb7 17. Qd2 Rhd8 18. Qg5+ Kf8 19. Bf4 Bd4 20.
Rad1 h6 $132 {Timoshenko,G-Smirnov,Va/Minsk op/1996/EXP52/}) 13... axb5 14. Nc3
Ba6 15. Re1 $146 (15. Ne4 O-O 16. Bf4 Nxe5 17. Qc2 (17. b4 Rad8 18. Qc2 f6 19.
Nc5 Bc8 20. Rad1 $44 {Gurevich,V-Poluljahov,A/Azov/1995/CBM46/}) 17... f6 18.
Nc5 (18. b4) 18... Bc8 (18... Bxc5 $142) 19. b4 $16 {war in einer Partie
Kuzmin - Averkin,Moskva,1973.}) 15... O-O (15... O-O-O 16. Qe2 Nc5 $13 {Leko})
16. Bf4 Nc5 17. Ne4 Rad8 18. Qh5 $2 {[#] Unglaublich aber wahr.Leko läßt die
einfache Kombination aus.} (18. Nf6+ $1 Kh8 (18... gxf6 $2 {Romero} 19. Qg4+
Kh8 20. exf6 $18) 19. Qh5 gxf6 20. exf6 Qb6 21. Be3 $18 {mit toedischer
Fesselung fuer Schwarz.} (21. b4 $18)) 18... Nxe4 19. Bxe4 g6 20. Qh6 Bd4 21.
Bg5 Bxe5 $1 {Das ist erzwungen, aber nach Qualitaetverlust steht Schwarz dank
seines starken Läuferpaares gar nicht schlechter.} 22. Bxd8 Rxd8 $44 23. Rad1
c5 24. Rxd8+ Qxd8 25. Qe3 Bd4 26. Rd1 b4 27. b3 Kg7 28. Bf3 Qf6 29. Qe4 e5 30.
Kg2 $2 (30. Qc6 $5 Qxc6 31. Bxc6 c4 32. bxc4 Bxc4) 30... Bc8 31. Qc6 Be6 32.
Rd2 Qg5 33. Rc2 {In solchen Stellungen gibt es keinen Raum für den Turm.} Qd8 (
33... Bh3+ $1 34. Kg1 h5 $17) 34. Qb7 h5 35. h4 Qd6 36. Qc6 Qd8 37. Qb7 Bc3 38.
Qc6 Qd3 39. Be4 Qd4 40. Bf3 Bf5 (40... c4 $5 $15) 41. Re2 Be6 42. Re4 Qd2 43.
Re2 Qd3 44. Re3 Qd2 {Das war eine interessante Partie mit beiderseitigen
Auslassungen. Ribli} 1/2-1/2

[Event "EU-chT (Men) 11th"]
[Site "Pula"]
[Date "1997.05.??"]
[Round "4.4"]
[White "Felsberger, Alfred"]
[Black "Grabliauskas, Virginijus"]
[Result "0-1"]
[WhiteElo "2395"]
[BlackElo "2435"]
[Annotator "Ribli,Z"]
[PlyCount "66"]
[EventDate "1997.05.05"]
[EventType "team-swiss"]
[EventRounds "9"]
[EventCountry "CRO"]
[SourceTitle "CBM 057 Extra"]
[Source "ChessBase"]
[SourceDate "1997.05.01"]
[SourceVersion "1"]
[SourceVersionDate "1997.05.01"]
[SourceQuality "1"]
[WhiteTeam "Austria"]
[BlackTeam "Lithuania"]
[WhiteTeamCountry "AUT"]
[BlackTeamCountry "LTU"]

1. e4 c5 2. Nf3 e6 3. d4 cxd4 4. Nxd4 Nc6 5. Nc3 Qc7 6. Be2 a6 7. O-O Nf6 8.
Kh1 Nxd4 (8... d6 {Mit diesem Zug kann Schwarz die Scheweninger Variante
wählen. Möglich ist auch 8...b5 oder 8...Bb4.Ribli.}) 9. Qxd4 Bc5 10. Qd3 b5 (
10... h5 11. Bg5 $5 {Kasparov,G-Kengis,E/Riga Tal/1995/CBM47/}) 11. f4 (11. Bg5
b4 12. Na4 Be7 13. f4 Bb7 14. e5 Nd5 15. Bxe7 Kxe7 $6 16. c4 $1 $14 {Ricardi,
P-Sadler,M/Buenos Aires/1995/CBM49/}) 11... Bb7 (11... h5 12. e5 Ng4 13. Bf3 (
13. Qh3 $5) 13... Bb7 {Das fuehrt zur Partiefortsetzung.Ribli.}) 12. Bf3 h5 {
Meiner Meinung nach bietet diese Fortsetzung Schwarz aktives Spiel und
genügend Gegenchancen.Ribli.} (12... O-O 13. e5 Ne8 14. Bxb7 Qxb7 15. f5 (15.
a4 b4 16. Ne4 Be7 17. Be3 Qc6 18. Ng5 g6 $1 $13) 15... f6 16. Bf4 Be7 17. Rae1
$36 {Ivanchuk,V-Hjartarson,J/New York PCA/EXP47/}) 13. e5 Ng4 14. Bxb7 (14. Bd2
Rc8 15. Bxb7 Qxb7 16. Ne4 Be7 17. Rae1 Qc6 {0-1 Sigurjonsson,G-Fedorowicz,J/
Nordic-USA 1986 (34)}) (14. Ne4 Rb8 (14... Be7 15. Nd6+ Bxd6 16. exd6 Qb6) 15.
Nxc5 Qxc5 16. Qe2 Qc4) 14... Qxb7 {[%csl Yd6,Yf5][%cal Gc5g1,Gb7g2,Gc3e4,Ge4d6]
Weiß besitzt Raumvorteil, aber Schwarz kontrolliert die Diagonalen a7-g1 und
a8-h1 mit Läufer und Dame. Die weiße Königsstellung ist nicht sicher, aber es
ist eine andere Frage - wo der schwarze König Platz findet.Ribli.} 15. Ne4 {
[%csl Ge4] [#]} (15. a4 b4 16. Ne4 Rc8 17. Bd2 (17. c4 bxc3 18. bxc3 Be7 19.
Nd6+ Bxd6 20. Qxd6 Rc6 21. Qa3 Qc7 22. Rb1 f6 23. Qb4 Kf7 {Brustman,A-Rotstein,
A/Geneve op 1996/0-1 (52)}) 17... Nh6 18. Rad1 Be7 19. c3 bxc3 20. Bxc3 Nf5 21.
Rfe1 h4 {1-0 Dubiel,J-Gorjatschkin,W/Katowice op 1995 (36)}) 15... Be7 (15...
Rc8 16. c3 (16. Bd2 Be7 17. a3 Qc6 18. Bb4 f5 19. exf6 gxf6 20. Bxe7 Kxe7 21.
Rad1 f5 {0-1 Landa,K-Beshukov,S/RUS-ch Elista 1996 (39)}) 16... Be7 17. Be3 h4
18. Bd4 h3 19. g3 Nh6 20. Qf3 Qc6 21. Rae1 Nf5 22. Bf2 d5 {1/2-1/2 Felsberger,
A-Titz,H/AUT-chT 1993 (62)}) 16. b3 {Weiß folgt der modernen Theorie. Dieser
Zug stammt von Dolmatov. Weiß entwickelt seinen Läufer nach b2 und spielt
c2-c4.Ribli.} (16. h3 Nh6 17. Be3 Nf5 18. Bf2 h4 19. c3 O-O 20. Rad1 Rfc8 21.
Qf3 Rab8 {1/2-1/2 Anand,V-Ivanchuk,V/Buenos Aires Sicilian 1994 (26)}) (16. Be3
Rc8 17. Bd4 Nh6 18. c3 Nf5 $13 {Nunn-Zichichi,1983/84Reggio Emilia/Inf38,(234)/
} (18... h4 19. Qf3 Qc6 20. Rad1 Nf5 21. b4 h3 22. g3 Qc4 23. Rf2 a5 24. a3
Nxd4 25. Rxd4 Qb3 26. f5 exf5 27. Qxf5 Qe6 28. Kg1 {1/2-1/2 German,G-Tregubov,
P/Buenos Aires op 1996 (64)})) (16. Bd2 Rc8 17. a3 $5) 16... Rc8 $5 {[%cal
Gc8c2]} (16... Nh6 $6 17. Bb2 Nf5 18. Qf3 $1 $146 {[#]} (18. Rae1 $5 Rc8 19.
Re2 h4 20. Qf3 Qc6 21. Rd1 {1/2-1/2 Dolmatov,S-Tunik,G/RUS-ch Elista 1995 (29)}
) 18... Qc6 (18... Qa7 $5) 19. Rac1 $1 Rd8 20. c4 $14 bxc4 21. Rxc4 Qb6 22. Ng3
{1-0 Dolmatov,S-Beshukov,S/RUS-ch Elista 1996 (41)}) 17. Bb2 Nh6 {Der Springer
strebt nach f5.Ribli.} 18. Rac1 $6 {In unserer Partie kommt Weiß nicht so
schnell zu c2-c4. Wenn er es zieht, verschlechtert er nur seine Stellung.Ribli.
} (18. Qf3 $142 $5 {[%cal Gf3b7] Mit späterem Rac1.}) 18... Nf5 {[%csl Gf5]}
19. Rfd1 (19. c4 $2 bxc4 20. Rxc4 (20. bxc4 Qxb2 $19) 20... Rxc4 21. Qxc4 Ne3
$19) 19... h4 {[%csl Gh4]} 20. c4 {Unter strategischem Gesichtspunkt ist das
der natürliche Plan. Schwarz hat aber eine taktische Widerlegung parat.Ribli.}
(20. h3 O-O (20... Qxe4 $4 21. Qxd7+ $18 (21. Qxe4 $4 Ng3+ $19)) 21. Kh2) 20...
bxc4 21. bxc4 (21. Rxc4 Rxc4 22. bxc4 (22. Qxc4 Ne3 $19)) 21... h3 22. g4 (22.
g3) (22. gxh3 Rxh3 23. Qxh3 Qxe4+ 24. Qg2 (24. Kg1 Bc5+) 24... Qxg2+ 25. Kxg2
Ne3+ 26. Kf3 Nxd1 27. Rxd1 Rxc4 {[%csl Gc4]}) 22... Rh4 $17 23. gxf5 (23. Rg1
Qxb2 24. gxf5 exf5 25. Nd2 (25. Nd6+ Bxd6 26. Qxd6 Rxf4) 25... Qb7+ 26. Qf3
Qxf3+ 27. Nxf3 Rxf4 $17) 23... Rxf4 24. fxe6 dxe6 25. Qxh3 (25. Re1 Qxb2 $17)
25... Qxe4+ 26. Qg2 Qxg2+ 27. Kxg2 Rfxc4 28. Rxc4 Rxc4 {[%csl Gc4] Endlich hat
Schwarz einen Bauern mehr, sein Turm steht sehr aktiv.Ribli.} 29. Rd2 f5 30.
Kg3 $2 {Der letzte Fehler in einer schweren Stellung.} (30. exf6 gxf6 $17 (
30... Bxf6 31. Bxf6 gxf6 32. Rd6 $132)) 30... Ra4 $19 {[%csl Ga4]} 31. Rd3 (31.
Bc3 Ra3 $19) (31. Bc1 Bg5 $19) (31. Bd4 Bg5 $19) 31... Rxa2 32. Rb3 Ra4 33.
Rb8+ Kf7 {Und Weiß gab in dieser hoffnungslosen Stellung auf.Ribli.} 0-1

[Event "Corus-B"]
[Site "Wijk aan Zee"]
[Date "2004.01.24"]
[Round "12"]
[White "Nijboer, Friso"]
[Black "Zhu, Chen"]
[Result "1-0"]
[WhiteElo "2586"]
[BlackElo "2495"]
[Annotator "Ribli,Z"]
[PlyCount "81"]
[EventDate "2004.01.10"]
[EventType "tourn"]
[EventRounds "13"]
[EventCountry "NED"]
[EventCategory "13"]
[SourceTitle "CBM 099"]
[Source "ChessBase"]
[SourceDate "2004.03.30"]
[SourceVersion "1"]
[SourceVersionDate "2004.03.30"]
[SourceQuality "1"]

1. e4 c5 2. Nf3 e6 3. Nc3 Nc6 4. d4 cxd4 5. Nxd4 Qc7 6. Be2 a6 7. O-O Nf6 8. a4
Bb4 {Das ist die gewöhnliche schwarze Antwort auf 8.a4. Schwarz kann im
folgenden mit Bxc3 die weiße Bauernstruktur verschlimmern. Anderseits fehlt
der schwarze Läufer dann bei der Verteidigung des Königsflügels.} 9. Bg5 (9.
Qd3) 9... Ne5 (9... Bxc3 10. Bxf6 gxf6 11. bxc3 Ne7 12. c4 $13) 10. Bxf6 (10.
Na2 Be7 11. f4 Nc6 12. Nxc6 bxc6 13. e5 Bc5+ 14. Kh1 Nd5 15. Rf3 h6 16. Bh4 g5
$13 {1-0 Zapata,A-Handke,F/Andorra la Vella 2002/CBM 89 ext (31)}) (10. f4 Nc4
11. Bxc4 Qxc4 12. Qd3 Qxd3 13. cxd3 Bc5 14. Nce2 $11) 10... gxf6 11. Qd2 (11.
Na2 Bc5 12. c3 d6 13. Kh1 Bd7 14. f4 Nc6 15. Qd2 Ke7 16. b4 Ba7 17. b5 Na5 {
0-1 Oliva,D-Marques,V/Buenos Aires 1997/EXT 2001 (28)}) 11... Be7 {Die
Führerin der schwarzen Steine möchte nicht auf c3 nehmen und die weiße Drohung
war 12.Nd5, also geht sie zurück mit dem Läufer.} (11... Bxc3 12. bxc3 b6 13.
f4 Nc6 14. Nxc6 Qxc6 15. Qd4 Qc5 16. Rab1 Qxd4+ 17. cxd4 Rb8 18. Rb3 Kd8 19.
Rfb1 Kc7 20. Rc3+ Kd6 21. e5+ {1-0 Erneste,I-Stepovaia Dianchenko,T/Warsaw
1999/EXT 2000 (75)}) 12. f4 (12. Qh6 Ng6 13. g3 b6 14. Rfd1 Bb7 15. Nb3 Bf8 16.
Qe3 h5 17. Qd4 Be7 18. Rd2 h4 {0-1 Barua,D-Hjartarson,J/Linares 1996/CBM 51
ext (27)}) 12... Nc6 (12... Nc4 13. Bxc4 Qxc4 14. a5 $36 {[%cal Gc3a4,Ga4b6,
Ga1a4,Ga4c4]}) 13. Nb3 b6 (13... d6 14. a5 $16) 14. Rad1 Na5 (14... Bb7 15. Bf3
(15. Nd5 exd5 16. exd5 Na5 $17) 15... O-O-O) 15. f5 $36 {Weiß hat gefährliche
Initiative am Königsflügel und er beschäftigt sich nicht mit der
Bauernstruktur am Damenflügel.} (15. Nxa5 $5 bxa5 (15... Qc5+ 16. Kh1 Qxa5 17.
Bf3 $16) 16. Kh1 Rb8 17. b3 Bb4 18. Bc4 $14) 15... Nxb3 16. cxb3 h5 {Mit
diesem Zug verteidigt sich Schwarz gegen 17.Qh6.} (16... Bb7 $5 17. Qh6 Qe5
$132) 17. Rf3 {[%cal Gf3d3,Gf3h3]} Bb7 18. Kh1 Rd8 (18... O-O-O 19. Rc1 $40)
19. Rd3 h4 20. Bf3 Bc8 (20... h3 21. g3 $14) 21. b4 Kf8 $6 {Schwarz möchte den
König in Sicherheit bringen, aber es scheint, er wäre besser auf e8 geblieben.}
(21... Bxb4 $2 22. Nd5 exd5 (22... Bxd2 $4 23. Nxc7+ $18) 23. Qxb4 $16) (21...
Qe5 $5) 22. Ne2 $1 {[%cal Ge2f4][%mdl 32] Weiß bereitet 23.Nf4 vor, wonach der
Springer stark wird.} Qe5 23. Nf4 Kg7 24. Rd4 a5 (24... Bb7 25. Rxd7 $16) 25.
Qe3 {[%cal Gf4d3,Gd3e5]} Qb8 (25... axb4 26. Nd3 Qc7 27. e5 $40) 26. Nh5+ Kf8 (
26... Kh7 27. Qf2 $16 {[%cal Rf2h4,Rh4h7]}) 27. fxe6 fxe6 28. Nf4 {[%cal Rf4g6,
Rg6f8,Rg6h8]} Kg7 29. e5 $1 {[%mdl 64] Mit diesem schönen Bauernopfer öffnet
Weiß die Stellung.} Qxe5 (29... fxe5 30. Nd5 $1 (30. Nxe6+ $2 dxe6 31. Rg4+ Kf7
32. Rf1 Ke8 (32... Bf6 33. Be2 $18) 33. bxa5 bxa5 34. Bc6+ Bd7 35. Qf3 Bxc6 36.
Qxc6+ Rd7 37. Qxe6 Qd6 38. Rg8+ Rxg8 39. Qxg8+ Bf8 $17) 30... exd5 (30... exd4
31. Qxd4+ Kf7 32. Rf1 $18) 31. Rg4+ Kf8 32. Bxd5 Qd6 33. Rf1+ Bf6 34. Rg6 $18)
30. Re4 Qxb2 31. Nd5 $1 f5 $2 (31... Bxb4 $142 32. Qxb6 $36 (32. Nxb4 axb4 33.
Qxb6 d5 34. Rxb4 Qc3 $13) 32... exd5 $2 33. Rg4+ $18) 32. Nxe7 $1 fxe4 (32...
Qf6) 33. Qg5+ $18 {[%csl Rg7] Der schwarze König steht allein im Sturm - Weiß
steht auf Gewinn.} Kf7 34. Bh5+ (34. Nxc8 $1 $18) 34... Rxh5 35. Qxh5+ (35.
Rf1+ Ke8 36. Ng6 $18) 35... Kxe7 36. Qh7+ Kf6 (36... Ke8 37. Rf1 $18) 37. Qxh4+
{[%cal Rh4d8]} Kg7 38. Qxd8 Qc3 39. Qg5+ (39. Rf1 $18) 39... Kh7 40. Rf1 Qg7
41. Qh5+ 1-0